000 01188njm a2200301Ia 4500
001 21028
003 IT-RoPAU
005 20220918181128.0
008 131025s9999 xx 000 0 und d
040 _aIT-RoPAU
040 _cIT-RoPAU
999 _c100330
_d100330
999 _bn.d.
100 _aAA.VV.
_9794
100 _eAutore musica
_94520
100 _gCodice autore musica SPICS: 12000
_9796
245 _aBiennale musica 1982: numero e suono (7)
250 _a1a ed.
260 _aROMA
260 _bSPICS RECORDS
_c1982 [1a Ed.:1982]
300 _aMUSICASSETTA
500 _aMusica strumentale
505 _aFebruary pieces - Winter Potatoes - Volo solo - Treatise (estratto) - Principe Igor Stravinskij per voce e strumenti
650 _aSTRUMENTALE [CASSETTE]
_eCodice MATERIA SPICS: 9951
_91218
700 _aPetazzi Paolo
_dodice autore testo SPICS: 11572
_eAutore testo
_94521
700 _aCardew Cornelius
_dCodice autore musica SPICS: 8437
_eAutore musica
_pFebruary pieces - Winter Potatoes - Volo solo - Treatise (estratto)
_94522
700 _aKagel Mauricio
_dCodice autore musica SPICS: 5167
_eAutore musica
_pPrincipe Igor Stravinskij per voce e strumenti
_94523
942 _cMC
_2ddc